zpět

Detail výsledku týmu

MaxWilliam, Znojmo

Datum a čas kvízu

24 Celkem bodů Celkový počet nahraných bodů na tomto kvízu bez doplňovacích otázek.
7. Pořadí na kvízu Konečné umístění týmu na tomto kvízu.

Zaznamenané odpovědi

# Otázka Odpověď Body Výsledky
1. Velmi netradiční problém musel... bobr 0
2. Překvapení minulý týden neskrý... policie 1
3. Ve zprávách se minulý týden ob... Čečensko 0
4. Andrej Babiš se na sociálních... Věra Jourová 1
5. Ze soboty na neděli se v Las V... (UFC) 300 0
6. V pěti otázkách tohoto tématu... halit 0
7. Jaká je denní dávka kuchyňské... B 1
8. Tato sůl získala své růžové zb... himálajská 1
9. Nejen lidé, ale i zvířata potř... liz 1
10. Chcete-li si užít blahodárného... D) Bad Ischl 0